[Event "Open A"]
[Site "Moscow RUS"]
[Date "2010.02.04"]
[Round "6"]
[White "Khismatullin,D"]
[Black "Sasikiran,K"]
[Result "0-1"]
[WhiteElo "2651"]
[BlackElo "2653"]
[EventDate "2010.01.30"]

1. c4 g6 2. e4 c5 3. Nf3 Bg7 4. d4 Qa5+ 5. Nc3 Nf6 6. Bd3 cxd4 7. Nxd4 Nc6
8. Be3 d6 9. h3 O-O 10. O-O Bd7 11. Rc1 Nxd4 12. Bxd4 Bc6 13. Re1 Rfc8 14.
a3 Qd8 15. Bf1 e5 16. Be3 Nxe4 17. Nxe4 Bxe4 18. Bxa7 Bxg2 19. Bxg2 Rxa7
20. c5 dxc5 21. Rxc5 b6 22. Qxd8+ Rxd8 23. Rc6 Rb8 24. Rec1 Rd7 25. Rc8+
Rxc8 26. Rxc8+ Bf8 27. Rb8 Rd6 28. Bf1 Rd1 29. Kg2 Rd2 30. b4 e4 31. Bc4 e3
32. Kf3 Rc2 33. Rc8 e2 0-1

[Event "Open A"]
[Site "Moscow RUS"]
[Date "2010.02.04"]
[Round "6"]
[White "Le Quang Liem"]
[Black "Zhigalko,S"]
[Result "1-0"]
[WhiteElo "2647"]
[BlackElo "2668"]
[EventDate "2010.01.30"]

1. d4 d5 2. c4 e6 3. Nf3 c6 4. Nbd2 f5 5. g3 Nd7 6. Bg2 Bd6 7. O-O Ngf6 8.
Ne1 O-O 9. Nd3 Ne4 10. Qc2 Qe7 11. f3 Nxd2 12. Bxd2 Kh8 13. e4 dxc4 14.
Qxc4 e5 15. f4 Nb6 16. Qc2 fxe4 17. Nxe5 c5 18. Bc3 Bf5 19. Bxe4 cxd4 20.
Bxd4 Rac8 21. Qe2 Bxe4 22. Qxe4 Nc4 23. Rad1 Bxe5 24. fxe5 Rxf1+ 25. Rxf1
Nd2 26. Qg4 Rf8 27. Rf4 Kg8 28. Be3 Rd8 29. Rf2 h5 30. Qg5 1-0

[Event "Open A"]
[Site "Moscow RUS"]
[Date "2010.02.04"]
[Round "6"]
[White "Lastin,A"]
[Black "Ipatov,A ESP"]
[Result "1/2-1/2"]
[WhiteElo "2659"]
[BlackElo "2497"]
[EventDate "2010.01.30"]

1. e4 c5 2. Nf3 d6 3. d4 cxd4 4. Nxd4 Nf6 5. Nc3 Nc6 6. Bg5 e6 7. Qd2 Be7
8. O-O-O Qb6 9. Ndb5 O-O 10. Qe1 Rd8 11. f4 Rd7 12. f5 a6 13. Be3 Qd8 14.
fxe6 fxe6 15. Nd4 Nxd4 16. Bxd4 e5 17. Bc4+ Kh8 18. Bf2 b5 19. Bb3 Qe8 20.
Kb1 Bb7 21. Bh4 Ng8 22. Rf1 Bxh4 23. Qxh4 Qd8 24. Qh3 Nf6 25. Be6 Re7 26.
Bf5 b4 27. Nd5 Bxd5 28. exd5 Qe8 29. Qh4 e4 30. Be6 Rxe6 31. dxe6 Qxe6 32.
Qf4 d5 33. h3 h6 34. g4 a5 35. g5 hxg5 36. Qxg5 a4 37. Rg1 Ra7 38. Qe3 Rb7
39. Rg5 Qb6 40. Qxb6 Rxb6 41. Kc1 Kg8 42. Rdg1 Rb7 43. Kd2 Rc7 44. Rf1 Kh7
45. c3 a3 46. cxb4 axb2 47. Rb1 d4 48. Rc5 Ra7 49. Ra5 Rc7 50. Rc5 Ra7 51.
Rc4 Rd7 52. Rxb2 Nh5 53. b5 e3+ 54. Kd1 Ng3 55. b6 Rf7 56. b7 d3 57. Rh4+
Kg6 58. Rb6+ Kg5 59. Rg4+ Kh5 60. Rb5+ Kh6 61. Rb6+ Kh5 1/2-1/2

[Event "Open A"]
[Site "Moscow RUS"]
[Date "2010.02.04"]
[Round "6"]
[White "Bezgodov,A"]
[Black "Vorobiov,E"]
[Result "1/2-1/2"]
[WhiteElo "2490"]
[BlackElo "2621"]
[EventDate "2010.01.30"]

1. e4 c5 2. Ne2 e6 3. b3 Nc6 4. Bb2 Nf6 5. Ng3 h5 6. Qf3 Nd4 7. Qd3 d5 8.
Nc3 Bd6 9. f3 Be5 10. O-O-O h4 11. Nge2 Nxe2+ 12. Bxe2 d4 13. Nb1 Bd7 14.
Na3 Bc6 15. b4 cxb4 16. Nc4 Bb5 17. Qb3 Bxc4 18. Bxc4 1/2-1/2

[Event "Open A"]
[Site "Moscow RUS"]
[Date "2010.02.04"]
[Round "6"]
[White "Krivoborodov,E"]
[Black "Iturrizaga,E"]
[Result "1/2-1/2"]
[WhiteElo "2471"]
[BlackElo "2616"]
[EventDate "2010.01.30"]

1. e4 c5 2. Nf3 g6 3. d4 cxd4 4. Qxd4 Nf6 5. e5 Nc6 6. Qa4 Nd5 7. Qe4 Nc7
8. Nc3 Bg7 9. Bf4 b5 10. h4 h6 11. O-O-O b4 12. Nd5 Nxd5 13. Rxd5 e6 14.
Rd6 Bb7 15. Bb5 Qb6 16. Qd3 Rd8 17. Rd1 O-O 18. h5 Qa5 19. Kb1 Ne7 20. hxg6
Nxg6 21. Bg3 a6 22. Bxd7 Bxf3 23. Qxf3 Nxe5 24. Qh5 Qc5 25. Bxe5 Bxe5 26.
R6d3 Qc7 27. Qxh6 Bg7 28. Qh5 Qe5 29. Qxe5 Bxe5 30. Re1 Bg7 31. Re4 Rb8 32.
Rg4 Rfd8 33. Rdg3 Rxd7 34. Rxg7+ Kf8 35. a3 Rb5 36. Rg8+ Ke7 37. Ra8 bxa3
38. Rxa3 Rd1+ 39. Ka2 Rd2 40. Ra7+ Kf8 41. Ra8+ Ke7 42. Ra7+ Kf8 43. Rf3
Rxc2 44. Rfxf7+ 1/2-1/2

[Event "Open A"]
[Site "Moscow RUS"]
[Date "2010.02.04"]
[Round "6"]
[White "Gochelashvili,D"]
[Black "Miton,K"]
[Result "0-1"]
[WhiteElo "2463"]
[BlackElo "2586"]
[EventDate "2010.01.30"]

1. d4 f5 2. g3 Nf6 3. Bg2 g6 4. c4 Bg7 5. Nc3 d6 6. Nf3 O-O 7. O-O e6 8.
Qc2 Nc6 9. Rd1 Qe8 10. a3 Nd8 11. b4 Nf7 12. Bb2 c6 13. e4 e5 14. d5 cxd5
15. cxd5 Bd7 16. Qd3 Rc8 17. Nd2 Bh6 18. a4 Qe7 19. b5 Bxd2 20. Rxd2 f4 21.
f3 fxg3 22. hxg3 Nh5 23. Qe3 Nxg3 24. Qxa7 Qg5 25. Rad1 Nh5 26. Qf2 Nf4 27.
Kf1 Qh5 28. Qg3 Ng5 29. Rd3 Nxg2 30. Kxg2 Bh3+ 31. Kg1 Nxf3+ 32. Kf2 Nd4+
0-1

[Event "Open A"]
[Site "Moscow RUS"]
[Date "2010.02.04"]
[Round "6"]
[White "Rychagov,A"]
[Black "Kim,Alex"]
[Result "1-0"]
[WhiteElo "2568"]
[BlackElo "2465"]
[EventDate "2010.01.30"]

1. d4 d5 2. c4 e6 3. Nf3 c6 4. Nc3 dxc4 5. g3 Nd7 6. Bg2 Ngf6 7. O-O b5 8.
e4 b4 9. e5 Nd5 10. Ne4 h6 11. Nfd2 N7b6 12. Nc5 Qc7 13. Nde4 Be7 14. Qg4
Kf8 15. Qe2 a5 16. h4 c3 17. a3 Nd7 18. Qc4 Nxc5 19. Nxc5 Nb6 20. Qb3 cxb2
21. Bxb2 Bxc5 22. dxc5 Nd5 23. axb4 Rb8 24. Ra4 Rxb4 25. Rxb4 axb4 26. Ra1
Ke7 27. Bxd5 exd5 28. Qxb4 Rd8 29. Bd4 Be6 30. Qb6 Qc8 31. Ra6 Rd7 32. Qxc6
Qxc6 33. Rxc6 Ra7 34. Rd6 Ra4 35. Be3 Re4 36. Kg2 Rxe5 37. Bd4 Re4 38. Bxg7
Rc4 39. Bxh6 Rxc5 40. Ra6 d4 41. Bg5+ Kf8 42. Kf3 Kg7 43. Ke4 1-0

[Event "Open A"]
[Site "Moscow RUS"]
[Date "2010.02.04"]
[Round "6"]
[White "Mozharov,M"]
[Black "Chernyshov,K"]
[Result "0-1"]
[WhiteElo "2451"]
[BlackElo "2556"]
[EventDate "2010.01.30"]

1. d4 e6 2. c4 b6 3. Nf3 Bb7 4. Nc3 Nf6 5. a3 Ne4 6. Nxe4 Bxe4 7. Nd2 Bg6
8. g3 Nc6 9. e3 Rb8 10. Bg2 a6 11. b4 b5 12. Qe2 Be7 13. O-O O-O 14. Nb3 d5
15. cxd5 exd5 16. Bb2 Na7 17. Nc5 Rb6 18. a4 Re8 19. axb5 Nxb5 20. Nxa6 h5
21. Nc5 h4 22. Ra5 c6 23. Rfa1 Bf6 24. Qg4 Nd6 25. Nd7 Rxb4 26. Nxf6+ gxf6
27. Bc3 Rb3 28. Be1 hxg3 29. hxg3 Kg7 30. Ra6 Rb6 31. Bf1 Ne4 32. Bd3 Qb8
33. Rxb6 Qxb6 34. Rb1 Qa7 35. Qd1 Qd7 36. Rb2 Rh8 37. Bf1 Qe6 38. Bg2 Nd6
39. Rb3 Ra8 40. Bb4 Nc4 41. Bc5 Ra2 42. g4 Bc2 43. Bf8+ Kxf8 44. Rb8+ Kg7
45. Qf3 Qd6 0-1

[Event "Open A"]
[Site "Moscow RUS"]
[Date "2010.02.04"]
[Round "6"]
[White "Gerzhoy,L"]
[Black "Kharitonov,Alexandr"]
[Result "1/2-1/2"]
[WhiteElo "2459"]
[BlackElo "2538"]
[EventDate "2010.01.30"]

1. Nf3 d5 2. d4 c6 3. c4 Nf6 4. Nc3 e6 5. Bg5 h6 6. Bxf6 Qxf6 7. e3 Nd7 8.
Bd3 dxc4 9. Bxc4 g6 10. O-O Bg7 11. e4 e5 12. d5 Nb6 13. Bb3 Bg4 14. h3
Bxf3 1/2-1/2

[Event "Open A"]
[Site "Moscow RUS"]
[Date "2010.02.04"]
[Round "6"]
[White "Sergienko,S"]
[Black "Gasanov,E"]
[Result "0-1"]
[WhiteElo "2400"]
[BlackElo "2536"]
[EventDate "2010.01.30"]

1. e4 c5 2. Nf3 e6 3. d3 Nc6 4. g3 d5 5. Qe2 Nge7 6. Bg2 g6 7. O-O Bg7 8.
Re1 O-O 9. e5 Nf5 10. c3 h6 11. h4 f6 12. exf6 Qxf6 13. Bf4 Nxh4 14. Nxh4
g5 15. Bd6 Rd8 16. Bxc5 gxh4 17. Nd2 b6 18. Ba3 e5 19. Qh5 hxg3 20. fxg3
Qf5 21. Qh4 Be6 22. Ne4 Qg6 23. Rf1 dxe4 24. Bxe4 Qe8 25. g4 Bd5 26. Bf5
Be6 27. Be4 Bd5 28. Bf5 Bf7 29. g5 h5 30. Qe4 Ne7 31. g6 Nxg6 32. Kh2 Nf4
33. Rg1 Rxd3 34. Rg5 Rd2+ 35. Kg1 0-1

[Event "Open A"]
[Site "Moscow RUS"]
[Date "2010.02.04"]
[Round "6"]
[White "Gabrielian,A"]
[Black "Stukopin,A"]
[Result "1-0"]
[WhiteElo "2523"]
[BlackElo "2423"]
[EventDate "2010.01.30"]

1. e4 c5 2. Nf3 e6 3. d4 cxd4 4. Nxd4 a6 5. Nc3 Qc7 6. Bd3 Nf6 7. O-O Nc6
8. Be3 Ne5 9. h3 Bc5 10. Qe2 d6 11. f4 Ng6 12. f5 Ne5 13. Rad1 Bd7 14. Nb3
Bxe3+ 15. Qxe3 b5 16. Nd4 O-O 17. Nce2 Nxd3 18. cxd3 e5 19. Nf3 b4 20. g4
Bb5 21. Ng3 Qa5 22. Rf2 Qxa2 23. d4 Qa5 24. dxe5 dxe5 25. Rd6 Ne8 26. f6
Qc7 27. Nf5 Rc8 28. Ne7+ Kh8 29. Nxc8 gxf6 30. Qh6 Kg8 31. Rc2 1-0

[Event "Open A"]
[Site "Moscow RUS"]
[Date "2010.02.04"]
[Round "6"]
[White "Looshnikov,N"]
[Black "Savchenko,B"]
[Result "0-1"]
[WhiteElo "2500"]
[BlackElo "2638"]
[EventDate "2010.01.30"]

1. e4 c5 2. Nf3 Nc6 3. Bb5 g6 4. O-O Bg7 5. Re1 Nd4 6. Nxd4 cxd4 7. c3 a6
8. Bf1 d5 9. e5 Bd7 10. Qf3 e6 11. Na3 Ne7 12. Nc2 Qc7 13. Nxd4 Bxe5 14. h3
h5 15. d3 f6 16. Ne2 g5 17. d4 g4 18. Qe3 Bh2+ 19. Kh1 Bd6 20. Nf4 e5 21.
dxe5 fxe5 22. Nd3 e4 23. Nb4 Be6 24. Qg5 gxh3 25. gxh3 Rg8 26. Qxh5+ Kd7
27. Bg5 Rh8 28. Qd1 Rag8 29. f4 Rxg5 30. fxg5 Bxb4 31. Qd4 Rh4 32. cxb4
Bxh3 33. Rxe4 Bg4+ 34. Bh3 Rxh3+ 35. Kg1 Qg3+ 0-1

[Event "Open A"]
[Site "Moscow RUS"]
[Date "2010.02.04"]
[Round "6"]
[White "Iordachescu,V"]
[Black "Gladyszev,O"]
[Result "1-0"]
[WhiteElo "2629"]
[BlackElo "2469"]
[EventDate "2010.01.30"]

1. e4 c5 2. Nf3 Nc6 3. Nc3 Nf6 4. Bb5 g6 5. e5 Ng4 6. Bxc6 dxc6 7. d3 Nh6
8. Be3 b6 9. d4 cxd4 10. Nxd4 Bd7 11. Qe2 Nf5 12. e6 Bxe6 13. Nxe6 fxe6 14.
Rd1 Qc8 15. h4 Bg7 16. h5 e5 17. Ne4 Nxe3 18. Qxe3 Qf5 19. Qe2 Rd8 20.
Rxd8+ Kxd8 21. h6 Bf6 22. a4 Kc7 23. a5 Rd8 24. O-O Rd5 25. axb6+ axb6 26.
Ra1 Ra5 27. Rxa5 bxa5 28. Qe3 Kc8 29. g3 Qd7 30. Qe2 Qd5 31. Qa6+ Kd7 32.
Nc3 Qc5 33. Qb7+ Ke6 34. Qb3+ Kf5 35. Ne4 Qd5 36. Qf3+ Ke6 37. g4 Kf7 38.
g5 Qd8 39. gxf6 exf6 40. Kg2 f5 41. Qb3+ Kf8 42. Nc5 Qg5+ 43. Qg3 Qxh6 44.
Qxe5 Qg5+ 45. Qg3 Qd2 46. Qb8+ Kg7 47. Qe5+ Kh6 48. Ne6 1-0

[Event "Open A"]
[Site "Moscow RUS"]
[Date "2010.02.04"]
[Round "6"]
[White "Ismagambetov,An"]
[Black "Volkov,Sergey1"]
[Result "0-1"]
[WhiteElo "2497"]
[BlackElo "2623"]
[EventDate "2010.01.30"]

1. c4 e5 2. Nc3 Bb4 3. e3 Bxc3 4. bxc3 d6 5. d4 c5 6. Nf3 e4 7. Nd2 f5 8.
Nb3 Qc7 9. Qh5+ g6 10. Qg5 b6 11. Be2 Qe7 12. h4 Nd7 13. Ba3 Ba6 14. O-O-O
O-O-O 15. Qf4 Ngf6 16. Rhe1 Rhe8 17. Kc2 Qf7 18. Nd2 Qe6 19. Bf1 Nb8 20. f3
Qd7 21. Qg5 Qa4+ 22. Kb2 Nbd7 23. Qf4 Nh5 24. Qh2 Ndf6 25. g4 exf3 26. gxh5
Ng4 27. Qf4 f2 28. hxg6 hxg6 29. h5 fxe1=Q 30. Rxe1 gxh5 31. Bd3 Kc7 32.
Bxf5 Bc8 33. Bc2 Qc6 34. Qg5 Qg2 35. Kc1 Nxe3 36. Qxh5 Nxc4 0-1

[Event "Open A"]
[Site "Moscow RUS"]
[Date "2010.02.05"]
[Round "7"]
[White "Sasikiran,K"]
[Black "Andreikin,D"]
[Result "1-0"]
[WhiteElo "2653"]
[BlackElo "2635"]
[EventDate "2010.01.30"]

1. d4 Nf6 2. c4 e6 3. Nf3 b6 4. g3 Bb7 5. Bg2 Bb4+ 6. Bd2 Bxd2+ 7. Qxd2 O-O
8. Nc3 d6 9. d5 e5 10. O-O a5 11. e4 Nbd7 12. Ne1 Re8 13. b3 Nc5 14. Nc2 c6
15. dxc6 Bxc6 16. Rfe1 Qd7 17. Na3 Rad8 18. Rad1 h6 19. Nab5 Bxb5 20. Nxb5
Qc6 21. Qe2 Ne6 22. Rd2 Re7 23. h4 Ne8 24. Red1 Red7 25. Bh3 N8c7 26. Nxc7
Rxc7 27. Bxe6 fxe6 28. Qg4 Re7 29. Rd3 Qc5 30. R1d2 Qc6 31. a4 Qc5 32. Kg2
Qc6 33. Qg6 Qd7 34. g4 Rf7 35. g5 hxg5 36. hxg5 Rf4 37. f3 Kf8 38. Kg3 Rf7
39. Qh7 Ke8 40. g6 Rf8 41. Rxd6 Qxd6 42. Rxd6 Rxd6 43. Qxg7 Rd1 44. Qxe5
Rg1+ 45. Kf2 Rxg6 46. Qb8+ Ke7 47. Qc7+ Ke8 48. Ke3 e5 49. Qxe5+ Kd7 50. c5
bxc5 51. Qxc5 Rb8 52. Qd5+ Rd6 53. Qf7+ Kc6 54. f4 Rb4 55. f5 Rd1 56. Qe6+
Rd6 57. Qc8+ Kb6 58. Qc3 Rc6 59. Qd3 Kc7 60. Kf4 Rcb6 61. Qd5 Rxb3 62. Qxa5
Rb1 63. Ke5 Rc1 64. f6 Rcc6 65. f7 Re6+ 66. Kd4 1-0

[Event "Open A"]
[Site "Moscow RUS"]
[Date "2010.02.05"]
[Round "7"]
[White "Inarkiev,E"]
[Black "Kurnosov,I"]
[Result "1-0"]
[WhiteElo "2649"]
[BlackElo "2668"]
[EventDate "2010.01.30"]

1. d4 Nf6 2. Nf3 g6 3. g3 Bg7 4. Bg2 d5 5. O-O O-O 6. c4 dxc4 7. Na3 c3 8.
bxc3 c5 9. Qb3 Nc6 10. Rd1 Na5 11. Qb2 Qb6 12. Ne5 Nd7 13. Nac4 Nxc4 14.
Nxc4 Qa6 15. Ne3 Nb6 16. a4 cxd4 17. cxd4 Bd7 18. a5 Na4 19. Qb4 Qxe2 20.
Rxa4 Bxa4 21. Qxa4 Rad8 22. Ba3 Qa2 23. Bxb7 Bxd4 24. Rxd4 Qb1+ 25. Qd1 1-0

[Event "Open A"]
[Site "Moscow RUS"]
[Date "2010.02.05"]
[Round "7"]
[White "Bologan,V"]
[Black "Rychagov,A"]
[Result "1-0"]
[WhiteElo "2692"]
[BlackElo "2568"]
[EventDate "2010.01.30"]

1. e4 e6 2. d4 d5 3. Nc3 Nf6 4. e5 Nfd7 5. f4 c5 6. Nf3 Nc6 7. Be3 Be7 8.
Qd2 O-O 9. Be2 a6 10. O-O b5 11. a3 Qb6 12. Nd1 a5 13. c3 a4 14. Bd3 f5 15.
exf6 Nxf6 16. dxc5 Bxc5 17. Bxc5 Qxc5+ 18. Qe3 Qxe3+ 19. Nxe3 Rb8 20. Rae1
Na5 21. Re2 Nc4 22. Nd4 Bd7 23. Rfe1 Rb6 24. Nd1 Re8 25. Nf2 g6 26. Bb1 Bc8
27. g3 Kg7 28. h3 Bd7 29. Kg2 Bc8 30. g4 Bd7 31. Nd3 Ne4 32. Ne5 Bc8 33.
Bxe4 dxe4 34. Kg3 g5 35. Rxe4 h6 36. fxg5 hxg5 37. Nxc4 bxc4 38. R1e2 Kf6
39. Rf2+ Kg6 40. Nf3 Bb7 41. Ne5+ 1-0

[Event "Open A"]
[Site "Moscow RUS"]
[Date "2010.02.05"]
[Round "7"]
[White "Miton,K"]
[Black "Bu Xiangzhi"]
[Result "1/2-1/2"]
[WhiteElo "2586"]
[BlackElo "2673"]
[EventDate "2010.01.30"]

1. d4 d5 2. c4 c6 3. e3 Bf5 4. cxd5 cxd5 5. Qb3 Qc7 6. Bb5+ Bd7 7. Nc3 e6
8. Nf3 Nc6 9. Bd2 Nf6 10. O-O Be7 11. Rfc1 O-O 12. Ne5 Rfc8 13. Nxd7
1/2-1/2

[Event "Open A"]
[Site "Moscow RUS"]
[Date "2010.02.05"]
[Round "7"]
[White "Chernyshov,K"]
[Black "Najer,E"]
[Result "1-0"]
[WhiteElo "2556"]
[BlackElo "2665"]
[EventDate "2010.01.30"]

1. c4 e5 2. Nc3 Nf6 3. g3 c6 4. Bg2 d5 5. cxd5 cxd5 6. d3 d4 7. Ne4 Nd5 8.
Qb3 Bb4+ 9. Bd2 Nc6 10. Qxd5 Qxd5 11. Nf6+ gxf6 12. Bxd5 Bxd2+ 13. Kxd2 Be6
14. Be4 Kd7 15. f4 exf4 16. gxf4 f5 17. Bxc6+ bxc6 18. Nf3 c5 19. Rhc1 Kd6
20. b4 cxb4 21. Nxd4 Rhc8 22. Rxc8 Rxc8 23. a3 b3 24. Rb1 Rb8 25. Kc3 Rc8+
26. Kd2 Rb8 27. Nxe6 fxe6 28. Kc3 Rg8 29. Rxb3 Rg2 30. e3 Rxh2 31. Rb7 Rh3
32. Kd4 Rh4 33. Rb5 Rh3 34. Ra5 h5 35. e4 Rf3 36. Ra6+ Ke7 37. Ke5 Rxd3 38.
Rxe6+ Kd7 39. Kxf5 Rxa3 40. Rh6 a5 41. Rxh5 a4 42. e5 Ra1 43. Ke4 1-0

[Event "Open A"]
[Site "Moscow RUS"]
[Date "2010.02.05"]
[Round "7"]
[White "Amonatov,F"]
[Black "Gabrielian,A"]
[Result "1-0"]
[WhiteElo "2634"]
[BlackElo "2523"]
[EventDate "2010.01.30"]

1. e4 e6 2. d4 d5 3. Nc3 Bb4 4. e5 c5 5. a3 Bxc3+ 6. bxc3 Ne7 7. Qg4 Qc7 8.
Bd3 c4 9. Be2 Nf5 10. Nh3 Nc6 11. Nf4 Bd7 12. Nh5 O-O-O 13. O-O Rhg8 14.
Qf4 Qa5 15. Qd2 Rdf8 16. Bg4 Nce7 17. a4 f6 18. Ba3 fxe5 19. Bxf5 Rxf5 20.
Ng3 Rf7 21. Bxe7 Rxe7 22. dxe5 Rf7 23. Ne2 Rf5 24. Qe3 Rgf8 25. Nd4 Rf4 26.
f3 g5 27. h3 h6 28. Rfb1 Qc5 29. a5 h5 30. Rf1 a6 31. g3 R4f7 32. Kg2 Rg8
33. f4 gxf4 34. Rxf4 Rfg7 35. Rf3 Rg5 36. Qf4 Qc7 37. Re3 Kb8 38. Qf6 Ka8
39. h4 R5g6 40. Qe7 R6g7 41. Qf6 Rg6 42. Qe7 R6g7 43. Qf6 Rg6 44. Qf7 Qd8
45. Kh2 R8g7 46. Qf2 Qc7 47. Rf3 Bc8 48. Qe3 Rg4 49. Qf2 Qxe5 50. Re1 Rxh4+
51. Kg2 Re4 52. Rf8 Rc7 53. Rf1 h4 54. Rg8 hxg3 55. Qf8 Rh4 56. Qxc8+ Rxc8
57. Rxc8+ Qb8 58. Rxb8+ Kxb8 59. Rf8+ Ka7 60. Kxg3 Rh1 61. Rf7 Kb8 62. Nxe6
Ra1 63. Kf2 Rxa5 64. Ke3 Rb5 65. Kd4 a5 66. Rf8+ Ka7 67. Nc7 1-0

[Event "Open A"]
[Site "Moscow RUS"]
[Date "2010.02.05"]
[Round "7"]
[White "Dvoirys,S"]
[Black "Lastin,A"]
[Result "1-0"]
[WhiteElo "2539"]
[BlackElo "2659"]
[EventDate "2010.01.30"]

1. e4 c6 2. d4 d5 3. Nd2 dxe4 4. Nxe4 Bf5 5. Nc5 Nd7 6. Nd3 e6 7. Nf3 Ngf6
8. c3 Bd6 9. Be2 Qc7 10. a4 O-O 11. a5 c5 12. dxc5 Nxc5 13. Nxc5 Bxc5 14.
O-O a6 15. Qa4 e5 16. Qc4 Be6 17. Qh4 Rfe8 18. Ng5 Bd5 19. c4 Bc6 20. Be3
Qe7 21. Bh5 Rf8 22. Bf3 h6 23. Bxc5 Qxc5 24. Ne4 Bxe4 25. Bxe4 g5 26. Qxh6
Nxe4 27. Rae1 Qd6 28. Qh5 Nc5 29. Qxg5+ Qg6 30. Rxe5 Nd3 31. Rd5 Rad8 32.
Qe7 Rde8 33. Qh4 Re4 34. f4 Nxf4 35. Rxf4 Rxf4 36. Qxf4 Qb1+ 37. Qf1 Qxb2
38. Rg5+ Kh8 39. Qf4 Qb1+ 40. Kf2 Qc2+ 41. Kg3 Qd3+ 42. Kh4 f6 43. Rd5 Qg6
44. g4 Re8 45. Rd6 Qh7+ 46. Kg3 Rf8 47. Rxf6 1-0

[Event "Open A"]
[Site "Moscow RUS"]
[Date "2010.02.05"]
[Round "7"]
[White "Kharitonov,Alexandr"]
[Black "Khismatullin,D"]
[Result "1-0"]
[WhiteElo "2538"]
[BlackElo "2651"]
[EventDate "2010.01.30"]

1. d4 Nf6 2. c4 g6 3. g3 Bg7 4. Bg2 d5 5. cxd5 Nxd5 6. e4 Nb6 7. Ne2 c5 8.
d5 e6 9. Nbc3 O-O 10. O-O Na6 11. Nf4 e5 12. Nd3 c4 13. Ne1 Bd7 14. f4 Nc5
15. f5 gxf5 16. exf5 e4 17. f6 Bxf6 18. Nxe4 Nxe4 19. Bxe4 Qe7 20. Bg2 Rad8
21. Nc2 Bg7 22. d6 Qe5 23. Re1 Qf6 24. Bf4 Qg6 25. Be4 Bf5 26. Bxf5 Qxf5
27. Ne3 Qc5 28. Rb1 Rfe8 29. Kf1 Re4 30. Qf3 Qc6 31. Rbd1 Bxb2 32. Qh5 Bf6
33. Nf5 Kh8 34. Bg5 Rxe1+ 35. Rxe1 Nd7 36. Bxf6+ Nxf6 37. Qg5 Qh1+ 38. Kf2
Qxh2+ 39. Ke3 Nd5+ 40. Kf3 Rg8 41. Qxg8+ 1-0

[Event "Open A"]
[Site "Moscow RUS"]
[Date "2010.02.05"]
[Round "7"]
[White "Savchenko,B"]
[Black "Zinchenko,Ya"]
[Result "1/2-1/2"]
[WhiteElo "2638"]
[BlackElo "2538"]
[EventDate "2010.01.30"]

1. e4 c5 2. Nf3 Nc6 3. Nc3 d6 4. d4 cxd4 5. Nxd4 Nf6 6. Bg5 e6 7. Qd2 a6 8.
O-O-O Bd7 9. f4 b5 10. a3 Qb6 11. Be2 Nxd4 12. Qxd4 Qxd4 13. Rxd4 Bc6 14.
Rhd1 Be7 15. a4 bxa4 16. Rc4 Rc8 17. Bxf6 gxf6 18. Nxa4 Bb7 19. Rxc8+ Bxc8
20. Rd4 Bd8 21. g3 Bc7 22. Rb4 h5 23. Nb6 a5 24. Rb3 Bb7 25. Nd5 Bxd5 26.
exd5 h4 27. g4 Kd7 28. Bc4 e5 29. Kd2 Rb8 30. Rh3 Rh8 31. Ke3 f5 32. gxf5
Bb6+ 33. Ke4 exf4 34. Rb3 Kc7 35. Kxf4 Rg8 36. Rh3 Rg2 37. Rxh4 Rxc2 38.
Kg5 Bf2 39. Re4 Kb6 40. Kf6 Rxb2 41. Kxf7 Kc5 42. Be2 Bd4 43. Re8 a4 44. f6
a3 45. Rc8+ Kxd5 46. Bc4+ Ke4 47. Ke6 Bxf6 48. Bd5+ Kd4 49. Rc4+ Kd3 50.
Kxf6 Rxh2 51. Ra4 Kc3 52. Rxa3+ Kd4 53. Ra5 Re2 54. Be6 Re5 55. Ra6 Kc5 56.
Ra1 Re4 57. Rc1+ Kb5 58. Rd1 Kc5 59. Ke7 Rd4 60. Rc1+ Kb6 61. Bd7 Rd2 62.
Ke6 Rd4 63. Bc6 Rh4 64. Kxd6 Rh6+ 65. Kd5 Rh5+ 66. Kd4 Rh4+ 67. Be4 Rg4 68.
Rc6+ Kb5 69. Rc8 Kb6 70. Rh8 Rg1 71. Rh7 Rd1+ 72. Kc4 Rc1+ 73. Kb4 Re1 74.
Re7 Rg1 75. Rb7+ Ka6 76. Kc5 Rc1+ 77. Kd6 Rd1+ 78. Kc7 Re1 79. Rb4 Ka5 80.
Rc4 Kb5 81. Bd3 Rd1 82. Be2 Re1 83. Rc2+ Kb4 84. Bf3 Re3 85. Bc6 Rc3 86.
Rh2 Rg3 87. Kd6 Rg6+ 88. Kd5 Rg4 89. Rh1 Kc3 90. Rh3+ Kb4 91. Bd7 Rg5+ 92.
Kd4 Rg6 93. Rh4 Rd6+ 94. Ke5+ Kc5 95. Be6 Rd2 96. Rc4+ Kb5 97. Bd5 Re2+ 98.
Kd6 Rh2 99. Rc3 Rh6+ 100. Be6 Rh4 101. Rg3 Rd4+ 102. Bd5 Rh4 103. Rb3+ Rb4
104. Bc6+ Kc4 105. Rh3 Kd4 106. Be4 Rb6+ 107. Bc6 1/2-1/2

[Event "Open A"]
[Site "Moscow RUS"]
[Date "2010.02.05"]
[Round "7"]
[White "Shimanov,A"]
[Black "Iordachescu,V"]
[Result "1-0"]
[WhiteElo "2535"]
[BlackElo "2629"]
[EventDate "2010.01.30"]

1. d4 Nf6 2. Nf3 e6 3. c4 Bb4+ 4. Bd2 c5 5. Bxb4 cxb4 6. g3 O-O 7. Bg2 d6
8. O-O a5 9. Nbd2 Qc7 10. Rc1 b6 11. Ne1 Bb7 12. a3 bxa3 13. bxa3 Nbd7 14.
Qb3 Rfc8 15. Bxb7 Qxb7 16. Ng2 Rc7 17. Ne3 Rac8 18. Rc2 g6 19. Rfc1 Ne4 20.
Nb1 h5 21. f3 Nef6 22. Nc3 Qb8 23. Nb5 Rc6 24. d5 exd5 25. cxd5 Rxc2 26.
Rxc2 h4 27. Rc6 Ne5 28. Qc3 Rd8 29. Qd4 hxg3 30. hxg3 Nxd5 31. Qxd5 Nxc6
32. Qxc6 d5 33. Nc7 d4 34. Ned5 Rxd5 35. Nxd5 Qxg3+ 36. Kf1 d3 37. Qe8+ Kg7
38. Qe3 d2 39. Qd4+ Kg8 40. Qa1 Qd6 41. e4 Qh2 42. Qd1 b5 43. Nc3 b4 44.
axb4 axb4 45. Nb1 b3 46. Nxd2 b2 47. Nb1 g5 48. Qd8+ Kh7 49. Qd3 Kh6 50.
Ke1 Kh5 51. Kd1 Qg1+ 52. Kc2 Qc1+ 53. Kb3 Kh4 54. Nc3 Kg3 55. e5 Kf2 56.
Nd1+ Kg3 57. Nxb2 Qf4 58. Qd6 Kxf3 59. Nd3 Qd2 60. Nb2 Qe3+ 61. Kc2 g4 62.
Nc4 Qe4+ 63. Kc3 Qe1+ 64. Nd2+ Kg2 65. Kd3 Qg3+ 66. Ke2 Qf2+ 67. Kd1 Qg1+
68. Kc2 Qe3 69. Qd5+ Kg1 70. Kd1 Qf4 71. Ke1 Qf2+ 72. Kd1 Qf4 73. Qc5+ Kh2
74. Ke2 g3 75. Nf3+ Kh3 76. Qc2 Kg4 77. Qc8+ Qf5 78. Qc4+ Qf4 79. Qc8+ Qf5
80. Qc4+ Qf4 81. Qc6 Qf5 82. Qa4+ Qf4 83. Qc6 Qf5 84. Qd5 Qc2+ 85. Nd2 Qf5
86. Nf3 Qc2+ 87. Nd2 Qf5 88. Qd4+ Qf4 89. Qd7+ Qf5 90. Qd4+ Kh3 91. Nf3
Qc2+ 92. Ke3 Qf2+ 93. Kf4 Qa2 94. Qe4 Qf2 95. Qd5 Qf1 96. Qxf7 Qc1+ 97. Ke4
Qc2+ 98. Kf4 Qc1+ 99. Ke4 Qc2+ 100. Ke3 Qf2+ 101. Kf4 Qc5 102. Qh5+ Kg2
103. Nh4+ Kh2 104. Qe2+ Qf2+ 105. Qxf2+ gxf2 106. Nf3+ 1-0

[Event "Open A"]
[Site "Moscow RUS"]
[Date "2010.02.05"]
[Round "7"]
[White "Volkov,Sergey1"]
[Black "Krylov,M RUS"]
[Result "1-0"]
[WhiteElo "2623"]
[BlackElo "2511"]
[EventDate "2010.01.30"]

1. d4 Nf6 2. c4 g6 3. Nc3 Bg7 4. e4 d6 5. Be2 O-O 6. Nf3 e5 7. Be3 Ng4 8.
Bg5 f6 9. Bh4 g5 10. Bg3 Nh6 11. c5 g4 12. Nh4 Nc6 13. cxd6 cxd6 14. dxe5
fxe5 15. Bc4+ Kh8 16. Qd2 Nd4 17. O-O Bd7 18. Ne2 Rc8 19. Rac1 Rxc4 20.
Rxc4 Nxe2+ 21. Qxe2 Bb5 22. Rd1 Qd7 23. Rdc1 Qe6 24. a4 Bxc4 25. Qxc4 Qxc4
26. Rxc4 Bf6 27. Kf1 Rf7 28. Ke2 Rd7 29. f3 gxf3+ 30. gxf3 Kg7 31. Ng2 Ng8
32. Ne3 Ne7 33. b4 a6 34. b5 axb5 35. axb5 Kf7 36. Nd5 Nxd5 37. exd5 Bd8
38. f4 exf4 39. Rxf4+ Ke8 40. Kd3 Rg7 41. Re4+ Kd7 42. Re6 Rg6 43. Re4 Rg7
44. Kc4 Rf7 45. Rg4 Bb6 46. Rh4 Be3 47. Kd3 Bc5 48. Rh6 Kc7 49. Ke4 Kb6 50.
Bxd6 Bxd6 51. Rxd6+ Kxb5 52. Kd4 Rf4+ 53. Ke5 Rh4 54. Rd7 Kb6 55. d6 Rxh2
56. Rc7 Rh5+ 57. Ke6 Rh6+ 58. Ke7 Rg6 59. Rc1 Rg2 60. d7 Re2+ 61. Kd8 Ra2
62. Rd1 Rg2 63. Ke7 Rg8 64. d8=Q+ Rxd8 65. Rxd8 Kc5 66. Ke6 b5 67. Ke5 Kc4
68. Ke4 b4 69. Rc8+ Kb3 70. Kd3 h5 71. Rc4 1-0

[Event "Open A"]
[Site "Moscow RUS"]
[Date "2010.02.05"]
[Round "7"]
[White "Azarov,S"]
[Black "Bezgodov,A"]
[Result "1-0"]
[WhiteElo "2622"]
[BlackElo "2490"]
[EventDate "2010.01.30"]

1. e4 e5 2. Nf3 Nc6 3. Bb5 Nf6 4. O-O Nxe4 5. d4 Nd6 6. Bxc6 dxc6 7. dxe5
Nf5 8. Qxd8+ Kxd8 9. Nc3 Ke8 10. h3 Be6 11. g4 Ne7 12. Ng5 Bc8 13. Re1 Nd5
14. Bd2 Be7 15. Nge4 Kf8 16. Kg2 h5 17. f3 Kg8 18. Ne2 a5 19. a3 c5 20.
Rad1 Be6 21. Ng5 Bd7 22. Ng3 hxg4 23. hxg4 f6 24. e6 Be8 25. N5e4 c4 26.
Nf5 Bf8 27. Nc3 Ne7 28. Nxe7+ Bxe7 29. Nd5 Bd6 30. Bf4 1-0

[Event "Open A"]
[Site "Moscow RUS"]
[Date "2010.02.05"]
[Round "7"]
[White "Vorobiov,E"]
[Black "Gerzhoy,L"]
[Result "1-0"]
[WhiteElo "2621"]
[BlackElo "2459"]
[EventDate "2010.01.30"]

1. e4 e5 2. Nc3 Nc6 3. Nf3 Nf6 4. Bb5 Nd4 5. Bc4 Bc5 6. Nxe5 Qe7 7. Nf3 d5
8. Bxd5 Bg4 9. d3 c6 10. Bb3 Nd7 11. Be3 Ne5 12. Nxd4 Bxd1 13. Nf5 Qf8 14.
Bxc5 Qxc5 15. d4 Qa5 16. Rxd1 Ng6 17. Nxg7+ Kf8 18. Nf5 Re8 19. O-O Nf4 20.
e5 c5 21. g3 cxd4 22. Nxd4 Qxe5 23. gxf4 Rg8+ 24. Kh1 Qxf4 25. Nd5 Qh4 26.
Nc7 Rc8 27. Nce6+ fxe6 28. Nxe6+ Ke7 29. Rfe1 Qg4 30. Ng5+ Kf6 31. Nxh7+
1-0